000 00568nam a2200229Ia 4500
005 20250425160700.0
008 250425s9999 xx 000 0 und d
020 _a9978860193
041 _aspa
043 _aec
082 _a928.866
110 _aBIBLIOTECA ECUATORIANA CLASICA
245 0 _aESCRITORES POLITICOS
250 _a1A ED.
260 _aEcuador
_bCORPORACION DE ESTUDIOS Y PUBLICACIONES
_c1989
260 _aQUITO
300 _a694
650 _aPOLITICOS-ECUADOR
650 _aVICENTE ROCAFUERTE-BIOGRAFIA
942 _c01
010 _a2215
999 _c194036
_d194036